000 01171nam a2200205 i 4500
001 46086
003 ES-MaACL
005 20230906161328.0
007 t|
008 030327s1972 sp ||||1| spa d
080 _a354.45(46).084.1(078)
110 2 _aCentro de Estudios de Ingeniería y Arquitectura (Madrid)
_92621
245 1 0 _aConcurso-oposición al Cuerpo de Ingenieros de Caminos, Canales y Puertos del Ministerio de Obras Públicas :
_btemario /
_c[director Enrique Balaguer Camphuis].
260 _aMadrid :
_b[Centro de Estudios de Ingeniería y Arquitectura],
_c1972.
300 _a3 v. ;
_c22 cm.
505 8 _aContiene: 1. Organización de la administración . Derecho administrativo . Hacienda pública . Economía (531 p.) -- 2. Carreteras . Obras hidráulicas . Puertos - 3. Transportes . Técnicas de programación y gestión . Organizaciones y realizaciones: técnicas internacionales . Organización sindical y derecho laboral (428 p.)
610 2 4 _aCuerpo Nacional de Ingenieros de Caminos, Canales y Puertos (España)-
_vContestaciones para oposiciones.
_9143762
700 1 _aBalaguer Camphuis, Enrique.
_924807
852 4 _aES-MaACL
_jC-49745-47
999 _c46086
_d46086